Shakespeare, Hamlet : (Record no. 22955)
[ view plain ]
| 000 -LEADER | |
|---|---|
| fixed length control field | 00829nam a2200277 a 4500 |
| 001 - CONTROL NUMBER | |
| control field | 22955 |
| 003 - CONTROL NUMBER IDENTIFIER | |
| rucl marc code | UkOxU |
| 005 - DATE AND TIME OF LATEST TRANSACTION | |
| control field | 20211209000856.0 |
| 008 - FIXED-LENGTH DATA ELEMENTS--GENERAL INFORMATION | |
| fixed length control field | 140309r19701968enk b 001 0 eng d |
| 020 ## - INTERNATIONAL STANDARD BOOK NUMBER | |
| International Standard Book Number | 0333018710 (hbk.) |
| International Standard Book Number | 0333093097 (pbk.) |
| 035 ## - SYSTEM CONTROL NUMBER | |
| System control number | BD-RjUL)23020 |
| 040 ## - CATALOGING SOURCE | |
| Original cataloging agency | DLC |
| Transcribing agency | DLC |
| Modifying agency | m.c |
| -- | EQO |
| -- | BD-RjUL |
| Language of cataloging | eng |
| 041 ## - LANGUAGE CODE | |
| Language code of text/sound track or separate title | eng |
| 082 00 - DEWEY DECIMAL CLASSIFICATION NUMBER | |
| Classification number | 822.33 |
| Author mark and year | SHA 1970 |
| 245 00 - TITLE STATEMENT | |
| Title | Shakespeare, Hamlet : |
| Remainder of title | a casebook / |
| Statement of responsibility, etc. | edited by John Jump. |
| 260 ## - PUBLICATION, DISTRIBUTION, ETC. (IMPRINT) | |
| Place of publication, distribution, etc. | London : |
| Name of publisher, distributor, etc. | Macmillan, |
| Date of publication, distribution, etc. | 1968. [Reprinted 1970] |
| 300 ## - PHYSICAL DESCRIPTION | |
| Pagination | 221 p. ; |
| Size | 21 cm. |
| 504 ## - BIBLIOGRAPHY, ETC. NOTE | |
| Bibliography, etc | Bibliography: p. [212]-213. |
| 600 10 - SUBJECT ADDED ENTRY--PERSONAL NAME | |
| Personal name | Shakespeare, William, |
| Dates associated with a name | 1564-1616. |
| 700 1# - ADDED ENTRY--PERSONAL NAME | |
| Personal name | Jump, John D. |
| Fuller form of name | (John Davies), |
| Dates associated with a name | 1913-1976. |
| 830 #0 - SERIES ADDED ENTRY--UNIFORM TITLE | |
| Uniform title | Casebook series |
| 942 ## - ADDED ENTRY ELEMENTS (KOHA) | |
| Source of classification or shelving scheme | Dewey Decimal Classification |
| Koha item type | Books |
| Lost status | Source of classification or shelving scheme | Damaged status | Not for loan | Collection code | Permanent Location | Current Location | Shelving location | Date acquired | Source of acquisition | Cost, normal purchase price | Total Checkouts | Full call number | Date last seen | Copy number | Koha item type |
|---|---|---|---|---|---|---|---|---|---|---|---|---|---|---|---|
| Dewey Decimal Classification | Added to bundle | Fiction | Central Library, University of Rajshahi | Central Library, University of Rajshahi | Reading Room | 10/01/1975 | Jonathan wren & co. | 0.80 | 822.33 SHA 1970 | 09/03/2014 | C-1 | Books |